Statistics for Top Roblox Games

Click here to take the quiz!

General Stats

  • This quiz has been taken 28 times
  • The average score is 3 of 15

Answer Stats

Answer % Correct
Jailbreak
80%
MeepCity
50%
Murder Mystery 2
40%
Bloxburg
35%
Work at a Pizza Place
25%
Natural Disaster Survival
20%
[NEW LMG!] Phantom Forces
10%
Royal High
5%
Theme Park Tycoon
5%
Counter Blox Roblox Offensive
0%
Bee Swarm Simulator
0%
Booga! Booga!
0%
SharkBite (Atlantis)
0%
LUCKY BLOCKS!
0%
Lumber Tycoon 2
0%

Score Distribution

Percentile by Number Answered

Percent of People with Each Score

Your Score History

You have not taken this quiz